| 000 | 00739nmm a2200265 a 4500 | ||
|---|---|---|---|
| 003 | AR-BaBNM | ||
| 005 | 20251128211744.0 | ||
| 008 | 066020s2002 ||||||||||||||000 | spa|| | ||
| 040 | _cAR-BaBNM | ||
| 100 | 1 | _aAlvarado Oyarce, Otoniel | |
| 245 | 1 | 0 |
_aSupervisión educativa _borientada al control de calidad |
| 260 |
_aLima _bDerrama Magisterial _c2002 |
||
| 300 | 0 |
_a176 p. _bgráfs., tablas |
|
| 650 | 4 | _aCALIDAD DE LA EDUCACION | |
| 650 | 4 | _aINSPECCION DE ESCUELAS | |
| 650 | 4 | _aEDUCACION COMPARADA | |
| 650 | 4 | _aASESORAMIENTO DEL DOCENTE | |
| 651 | 4 | _aEuropa | |
| 651 | 4 | _aAmérica Latina | |
| 651 | 4 | _aPerú | |
| 653 | 0 | _aSUPERVISION DE ESCUELAS | |
| 653 | 0 | _aGESTION EDUCATIVA | |
| 942 | _cBK | ||
| 998 | _cme-solo cat | ||
| 999 |
_c20966 _d20966 |
||